| 000 | 00650nam a2200193 i 4500 | ||
|---|---|---|---|
| 001 | 43842 | ||
| 003 | ES-MaACL | ||
| 005 | 20250816063128.0 | ||
| 007 | t| | ||
| 008 | 030318s1967 mx |||| | spa d | ||
| 100 | 1 |
_aCésar, Cayo Julio, _d100 a.C.-44 a.C. _937671 |
|
| 245 | 1 | 4 |
_aLos comentarios de la guerra de las Galias... / _cCayo Julio Cesar ; traducción Manuel de Valbuena. |
| 260 |
_aMéxico : _bEd. Nacional, _c[1967] |
||
| 300 |
_a269 p. ; _c17 cm. |
||
| 651 | 4 |
_aGalia- _xHistoria- _y58-51 a.C., Guerra de las Galias. _9158610 |
|
| 700 | 1 |
_aValbuena, Manuel de. _9112457 |
|
| 852 |
_aES-MaACL _jE-9813 |
||
| 999 |
_c43842 _d43842 |
||